000 00303nam a2200133Ia 4500
100 _aMottershed/Allen
942 _cBK
654 _aelectronic
245 _aElectronic devices and circuits
260 _bprentice hall
_aNew Delhi
_c1987
082 _a621.381
_bMOT
300 _a641
546 _aENGLISH
999 _c22841
_d22841